| 000 | 00628nam a22001937a 4500 | ||
|---|---|---|---|
| 003 | MX-MxUPN | ||
| 005 | 20250917121955.0 | ||
| 008 | 250815s2001 fr |||||fr||| 00| 0 spa d | ||
| 040 |
_aMX-MxUPN _bspa _cMX-MxUPN |
||
| 041 | 0 | _aspa | |
| 050 | 1 | 4 |
_aLB1027 _bU5 2001 |
| 110 | 2 |
_aUnesco _bDivisión del Diálogo Intercultural _957384 |
|
| 245 | 1 | 0 | _aEncuesta sobre la educación y la enseñaza para el diálogo intercultural e interreligioso (1999-2001) |
| 260 |
_aParis : _bUnesco, _c2001 |
||
| 300 | _a27 páginas | ||
| 650 | 4 |
_aEducación internacional _2 _97351 |
|
| 902 | _aBerenice Martínez/150825 | ||
| 942 |
_2lcc _cFOLL |
||
| 999 |
_c213764 _d213764 |
||